| Tag |
First Indicator |
Second Indicator |
Subfields |
| LEADER |
00000cam a2200000 4500 |
| 001 |
in00000027677 |
| 005 |
20151007062706.0 |
| 008 |
750604s1960 mdu 00000 eng u |
| 010 |
|
|
|a 60004425
|
| 035 |
|
|
|a (OCoLC)01372338
|
| 035 |
|
|
|9 AAD5568AM
|
| 040 |
|
|
|c TEU
|d TXA
|d UtOrBLW
|
| 041 |
1 |
|
|a eng
|a ger
|
| 049 |
|
|
|a TXAM
|c [331373]
|
| 082 |
0 |
|
|a 831.2
|
| 090 |
|
|
|a PT1525
|b .A425 1960
|
| 092 |
|
|
|a 831
|b G685tr
|
| 100 |
0 |
|
|a Gottfried,
|c von Strassburg,
|d active 13th century.
|
| 245 |
1 |
0 |
|a Tristan /
|c Gottfried von Strassburg ; translated entire for the first time ; with the surviving fragments of the Tristran of Thomas, newly translated ; with an introduction by A.T. Hatto.
|
| 264 |
|
1 |
|a Baltimore :
|b Penguin Books,
|c 1960.
|
| 300 |
|
|
|a 374 pages ;
|c 19 cm.
|
| 336 |
|
|
|a text
|b txt
|2 rdacontent
|
| 337 |
|
|
|a unmediated
|b n
|2 rdamedia
|
| 338 |
|
|
|a volume
|b nc
|2 rdacarrier
|
| 490 |
1 |
|
|a The Penguin classics,
|v L98
|
| 541 |
0 |
|
|a Donated by Dr. Stanley L. Archer ; October, 1997.
|
| 700 |
0 |
|
|a Thomas
|c (Anglo-Norman poet).
|t Tristran.
|
| 700 |
1 |
|
|a Hatto, A. T.
|q (Arthur Thomas)
|
| 830 |
|
0 |
|a Penguin classics ;
|v L98.
|
| 999 |
|
|
|a MARS
|
| 999 |
f |
f |
|s 3c2f5966-f249-3014-bd02-f5bf7c40ea38
|i 56acb3fc-3a70-34b8-af52-399d064626f9
|t 0
|
| 952 |
f |
f |
|p normal
|a Texas A&M University
|b College Station
|c Sterling C. Evans Library
|s Evans stk
|d Evans: Library Stacks
|t 0
|e PT1525 .A425 1960
|h Library of Congress classification
|i unmediated -- volume
|m A14801350706
|
| 998 |
f |
f |
|a PT1525 .A425 1960
|t 0
|l Evans: Library Stacks
|